Alle Bushaltestellen im Pitztal - Statistiken

Allgemein
  • Dieses Quiz wurde 4 mal gespielt
  • Das Durchschnittsergebnis liegt bei 35 aus 79
Antwortstatistiken
Ort Haltestelle % Korrekt
Arzl i.P. Abzw Timls
100%
Arzl i.P. Blons
100%
Imst-Pitztal Bahnhof
100%
Jerzens Feuerwehr
100%
Wald Feuerwehr
100%
Leins Feuerwehr
100%
Arzl i.P. Gemeindeamt
100%
St. Leonhard i.P. Gemeindeamt
100%
Arzl i.P. Gewerbegebiet
100%
Wenns MPREIS
100%
Arzl i.P. Oberdorf
100%
Arzl i.P. Osterstein
100%
Arzl i. P. Pitzenebene
100%
Wenns Pitz Park
100%
Wenns Pitztaler Hof
100%
Arzl i.P. Tankstelle
100%
St. Leonhard i.P. Bichl
67%
Wald Bichl
67%
Wenns Bieracker
67%
Wenns Brennwald
67%
Jerzens Dorf
67%
Piller Fuchsmoos
67%
Wenns Gemeindezentrum
67%
Mittelberg Gletscherbahn
67%
Wenns Langegerte/Bichl
67%
Wald Mauri
67%
Wenns Mittelschule
67%
Wenns Mösle
67%
Neurur
67%
Wald Ried Brunnen
67%
Piösmes Scheibe
67%
Stillebach
67%
Weißwald
67%
Mittelberg Wendestelle
67%
Piller Abzw Fischteich
33%
Jerzens Abzw Kienberg
33%
Leins Abzw Ried
33%
St. Leonhard i.P. Enger
33%
Jerzens Fischteich
33%
Mittelberg Gh Gletscherblick
33%
St. Leonhard i.P. Gh Sonne
33%
Wenns Greith
33%
Jerzens Haag
33%
Jerzens Hochzeiger
33%
St. Leonhard i.P. Innerwald
33%
Jerzens Kaitanger
33%
Köfels
33%
Wald Kugelgasse
33%
Leins Oberleins
33%
Mandarfen Rifflseebahn
33%
Jerzens Ritzenried
33%
St. Leonhard i.P. Scheibrand
33%
Zaunhof Wiese
33%
Jerzens Wiesle
33%
Zaunhof Abzw Ort
0%
Leins Alzerschritz
0%
Zaunhof Grübl
0%
Zaunhof Hairlach
0%
Jerzens Hirschenklause
0%
Jerzens Hotel Alpenfriede
0%
Jerzens Hotel Jerzner Hof
0%
Piösmes Kirschner
0%
Wenns Matzlewald
0%
Wenns Moosanger
0%
Zaunhof Moosbrücke
0%
Wenns Mühlbach
0%
Piller Musikpavillon
0%
Fließ Naturparkhaus
0%
Piller Oberpiller
0%
Piösmes Oberpiösmes
0%
Piller Pillermoor
0%
Plangeross
0%
Jerzens Schön
0%
Piller Taschach
0%
Tieflehn
0%
Trenkwald
0%
St. Leonhard i.P. Unterrain
0%
St. Leonhard i.P. Volksschule
0%
Weixmannstall
0%
Keine übereinstimmenden Quizze gefunden
Verteilung der Resultate
Anzahl Personen mit jedem Resultat
Perzentil nach korrekt beantworteten Fragen
Ihre Resultats-Entwicklung
Sie haben dieses Quiz noch nicht gespielt